000 00763nam a2200217Ia 4500
999 _c39437
_d39437
001 6028
003 GE_BSU
005 20190904120549.0
008 181216s1955||||ge |||||||||||||| ||geo||
040 _cGE_BSU
041 _ageo
080 _a821.353.1-1 ა-26
100 _aადამია, ალიო
_93893
245 _aლექსები, ბალადები /
_cალიო ადამია ; რედ. ირ. არაბული.
264 _aთბილისი :
_bსახელგამი ;
_c1955.
300 _a152 გვ. ;
_c18 სმ.
653 _aლექსები
653 _a ბალადები
700 _aარაბული, ირ.
_eრედაქტორი
_93894
942 _cBK
_2udc